Step-by-step : Tai Chi

Bibliographic Details
Main Author: Lam Kam Chuen
Format: Book
Published: London : Gaia Books Limited , 1994
Subjects:

MARC

LEADER 00000cam a2200000 7i4500
001 0000006473
002 000006985
005 20000330.0
020 |a 1856750663 
090 0 0 |a 796.8155   |b LAM 
100 0 |a Lam Kam Chuen   |f Master 
245 1 0 |a Step-by-step :   |b Tai Chi   |c Master Lam Kam Chuen 
260 |a London :   |b Gaia Books Limited ,   |c 1994 
300 |a 143p. ;   |c 18cm. 
650 0 0 |a Tai Chi Chuan   |x Martial arts (Chinese forms) 
999 |a 038038   |b BUKU   |c PINJAMAN   |e PERPUSTAKAAN KOMUNITI PETALING JAYA